| 000 | 00639cam a2200205 4500 | ||
|---|---|---|---|
| 001 | D15025 | ||
| 008 | 090401t1984 xxu||||| |||| 00| 0 eng d | ||
| 035 | _a(Sirsi) u19681 | ||
| 041 | _aeng | ||
| 050 | _a347.4109 | ||
| 110 |
_aRoyal Institution of Chartered Surveyors _94900 |
||
| 245 | _aAgricultural arbitrations. One-day conference, Lords` Conference and banqueting centre, 8 November 1984 | ||
| 260 |
_aLondon _bSurveyors` Technical Services _c1984 |
||
| 300 | _a3 papers | ||
| 350 | _a0 | ||
| 520 | _aFiled in box RICS 1984/57 ABC | ||
| 710 |
_aLand Agency and Agricultural Division _9765 |
||
| 942 | _n0 | ||
| 948 | _c04/03/1997 | ||
| 999 |
_c87698 _d87698 |
||